Дело по содержанию бывшей Головина дачи и о покупке вместо ветхого вновь ялика; тут же и насчет вопроса господина министра Импер...

Доступно только в Электронных читальных залах Найти на картеНа карте
RUSMARC
00003625nmc2a22002413x 450
0011fb32f62-54ea-4741-b5f4-d856ea68cbc0
00520231121191235.0
100##$a20230710l18311832k l0rusy0189 ca
1010#$arus
102##$aRU
105##$ay###
1222#$ad
2001#$aДело по содержанию бывшей Головина дачи и о покупке вместо ветхого вновь ялика; тут же и насчет вопроса господина министра Императорского двора о присоединении упомянутой дачи к городу
$j10 апреля 1831 г. - 24 марта 1832 г.
215##$a62 л.
$d36,5х26 см
251##$cДело
300##$aДело
371##$aДокумент не является опубликованным и широко распространяемым
461#0$1001625a9a7e-a890-4307-a7fe-826a2289a412
$12001
$aГоф-интенданская контора Министерства императорского двора
$1251
$cФонд
$1852
$j470
462#0$1001e573e4c8-e5e4-4318-8515-514ae56a474d
$12001
$aПо Головиной даче
$1251
$cОпись
$1852
$j3
$l149-583
801#0$aRU
$bРГИА
$c20230710
$gRCR
801#1$aRU
$bГлавНИВЦ
$c20230710
$2rusmarc
801#2$aRU
$bПБ им. Б.Н. Ельцина
$c20231121
$gRCR
$2rusmarc
850##$aРГИА
852##$aРГИА
$eФедеральное казенное учреждение "Российский государственный исторический архив" (РГИА)
$j25
937##$hРГИА
$d12400681
$aASBIBLIO_SCAN
035##$aRusGRCC00063291
856##$uhttp://readingroom.main.prlib.ru/item.aspx?id_node=n189023646&mode=full
Формат отображения